Представление документа в формате RUSMARC

ПолеНазваниеЗначение
  Тип записи a
  Библиографический уровень c
001 Контрольный номер RU/SLIB/B/208720031
005 Дата корректировки 20201206203941.1
010 Индекс ISBN __
d Цена 3-40
101 Язык документа __
a Язык текста rus
200 Заглавие и сведения об ответственности 1_
a Заглавие Систематика и экология глубоводных рыб
e Сведения, относящиеся к заглавию сб. ст.
f Первые сведения об ответственности отв. ред. Н. В. Парин
b Общее обозначение материала Текст
210 Выходные данные __
a Место издания М.
c Издательство Наука
d Дата издания 1978
215 Физическое описание __
a Объем 266 с.
c Иллюстрации/тип воспроизводства ил.
300 Общие примечания __
a Общие примечания Тр. ин-та океанологии. Т. 111
606 Тематические рубрики __
a Основная рубрика Биология
606 Тематические рубрики __
a Основная рубрика Систематика позвоночных
610 Ключевые слова __
a Ключевые слова ихтиология; мировой океан; рыбы; глубоководные рыбы
686 Индексы других классификаций __
a Классификационный индекс 28.693.32
702 Вторичная интеллектуальная ответственность _1
a Фамилия Парин
b Имя Н. В.
4 Код отношения Редактор
4 Код отношения 340
801 Источник записи _0
a Страна RU
b Организация Муниципальное бюджетное учреждение культуры "Централизованная библиотечная система" г. Сургут (Центральная городская библиотека им. А. С. Пушкина)
g Правила каталогизации К/Кундохова В.С.
801 Источник записи _1
a Страна RU
b Организация Муниципальное бюджетное учреждение культуры "Централизованная библиотечная система" г. Сургут (Центральная городская библиотека им. А. С. Пушкина)
g Правила каталогизации К/Кундохова В.С.
852 Данные о местонахождении __
j Шифр хранения 28.693.32
i Авторский знак С 40
p Инвентарный номер 124036(с)
901 Тип документа __
t Тип документа x
903 Характеристики (МАРС) __
a Дата передачи 20090119
969 Тип издания __
a Тип издания сборник
990 Данные о заказе (DOS) __
j Количество экземпляров (DOS) 1